30 cidades mais populosas do Canadá - Statistics

Estatísticas Gerais
  • Esse quiz foi jogado 41 vezes
  • A pontuação média é 10 de 30
Estatísticas das Respostas
# População Letra Cidade % Correto
1 2.794.356 T Toronto
100%
4 1.017.449 O Ottawa
91%
8 662.248 V Vancouver
88%
2 1.762.949 M Montreal
82%
12 549.459 Q Quebec
67%
3 1.306.784 C Calgary
61%
5 1.010.899 E Edmonton
55%
6 749.607 W Winnipeg
52%
13 439.819 H Halifax
36%
10 569.353 H Hamilton
30%
15 422.324 L London
27%
7 717.961 M Mississauga
27%
24 226.404 R Regina
27%
19 266.141 S Saskatoon
27%
11 568.322 S Surrey
21%
14 438.366 L Laval
18%
26 209.937 R Richmond
18%
27 202.022 R Richmond Hill
18%
23 229.660 W Windsor
18%
9 656.480 B Brampton
15%
22 249.125 B Burnaby
15%
18 291.041 G Gatineau
15%
20 256.885 K Kitchener
12%
21 254.483 L Longueuil
12%
25 213.759 O Oakville
12%
17 323.103 V Vaughan
12%
16 338.503 M Markham
9%
29 175.383 O Oshawa
9%
30 172.950 S Sherbrooke
9%
28 186.948 B Burlington
6%
Nenhum quiz correspondente encontrado
Distribuição das Pontuações
Porcentagem de Pessoas com Cada Pontuação
Percentil de Números Respondidos
Sua Pontuação Histórica
Você não jogou esse quiz